Lengua castellana : 6 primaria

Gespeichert in:
Bibliographische Detailangaben
Körperschaft: Santillana Educación. Departamento de Primaria .
Weitere Verfasser: Tomás Henao, José Honrado, Asunción
Format: Buch
Sprache:Spanisch
Erschienen: Madrid : Santillana, 2009
Katalog:MANES:  Suchergebnis im Bibliothekskatalog
Schulbuchspezifische Eigenschaften:
Schriftenreihe:Proyecto La Casa del Saber Mochila Ligera
Tags: Tag hinzufügen
Keine Tags, Fügen Sie den ersten Tag hinzu!
Hinzugefügt zu:23.07.2002
Geändert in:07.05.2025

MARC

LEADER 00000cam a2200000 i 4500
005 20250507134345.0
008 020724s2009 espao fp 000 0 spa d
020 |a 9788429493375 
040 |a uned  |b spa  |c entro-manes 
245 0 0 |a Lengua castellana :   |b 6 primaria /   |c [es una obra colectiva, concebida y realizada en el Departamento de Primaria de Santillana Educación ; bajo la dirección de José Tomás Henao ; texto, Asunción Honrado ... (et al.) ; ilustración, Maravillas Delgado] 
260 |a Madrid :   |b Santillana,   |c 2009 
300 |a 3 v. :   |b il. 
490 0 |a Proyecto La Casa del Saber  |a Mochila Ligera 
505 0 |a Contiene:   |g V. 1.   |t primer trimestre -   |g V. 2.   |t segundo trimestre -   |g V. 3.   |t tercer trimestre 
546 |a España 
561 |5 es-BUNED  |3 L.T.M. 2886  |a España. Fondo Manes UNED  |k MANES 
690 0 |a LEN 
691 0 |a PRI 
700 1 |a Tomás Henao, José  |9 36387  |a Honrado, Asunción  |9 36388 
710 2 |a Santillana Educación.   |b Departamento de Primaria .  |9 36389 
942 |2 ddc  |c BK 
999 |c 92533  |d 92533 
999 |c manes:92533  |d 92533